Most Winningest Sports Teams Quiz Stats

 Plays Quiz not verified by Sporcle

Support Sporcle.
Go Orange.
Score 0/25 Timer 04:00
0 Plays Today
# of championships Teams % Correct
17Celtics
99.3%
16Lakers
98.6%
6Bulls
92.3%
12Packers
92.3%
27Yankees
92.3%
7Giants
86.6%
6Steelers
85.9%
4Spurs
85.2%
10Cardinals
80.3%
5Cowboys
78.9%
9Bears
78.2%
3Pistons
77.5%
23Canadiens
76.8%
# of championships Teams % Correct
549ers
76.1%
7Red Sox
75.4%
6Giants
73.9%
11Red Wings
71.1%
4Blackhawks
65.5%
9Athletics
61.3%
13Maple Leafs
59.2%
6Dodgers
54.2%
376ers
52.8%
5Oilers
42.3%
5Bruins
31.7%
3Warriors
28.9%

You're not logged in!

Compare scores with friends on all Sporcle quizzes.
OR
Log In

From the Vault

5-Letter Bible Books

by 12bball

'Bible' is 5 letters long, so that must make these Bible books extra special.
Remove Ads.
Support Sporcle.
Get the best of Sporcle when you Go Orange. This ad-free experience offers more features, more stats, and more fun while also helping to support Sporcle. Thank you for becoming a member.

Show Comments

Extras

Top Quizzes Today


Score Distribution

Your Account Isn't Verified!

In order to create a playlist on Sporcle, you need to verify the email address you used during registration. Go to your Sporcle Settings to finish the process.

Report this User

Report this user for behavior that violates our Community Guidelines.

Details: